|
|
|
|
| LEADER |
00000nam a22000007a 4500 |
| 005 |
20120731165330.0 |
| 007 |
cr|||| |||| |
| 008 |
120731c20009999ec |||| s|||| 0||| 1spa d |
| 035 |
|
|
|a 6549
|
| 040 |
|
|
|a vLex
|
| 090 |
|
|
|c 3332
|d 3332
|
| 245 |
0 |
0 |
|a Iuris Dicto
|h [Recurso electrn̤ico ] :
|b Revista del Colegio de Jurisprudencia
|
| 256 |
|
|
|a Servicio en ln̕ea
|
| 260 |
|
|
|a [s.l.] :
|b Universidad San Francisco de Quito,
|c 2000 -
|
| 300 |
|
|
|a 1 recurso electrn̤ico
|
| 310 |
|
|
|a Dos nm︢eros al aǫ
|
| 362 |
|
|
|a Nm︢. 1 (2000) -
|
| 506 |
1 |
|
|a Contenido solo disponible en los productos indicados
|d vLex Global
|d vLex Global (Academic Edition, excluding Law Schools)
|d vLex Global (U.S. Academic Edition, Law Schools)
|d vLex Global (U.S. Academic Edition, excluding Law Schools)
|d vLex Global (Academic Edition, Law Schools)
|
| 650 |
0 |
4 |
|a Jurisprudencia
|z Ecuador
|
| 740 |
0 |
|
|a vlex Libros (Servicio en ln̕ea)
|
| 856 |
4 |
0 |
|u http://vlex.com/source/iuris-dicto-revista-colegio-jurisprudencia-6549
|z Acceso restringido
|
| 942 |
|
|
|c REV
|
| 999 |
0 |
|
|a Jurisprudence
|